| 000 | 00671nam a2200217 u 4500 | ||
|---|---|---|---|
| 005 | 20240228064210.0 | ||
| 008 | 150309s2007 ea r 000 0 spa d | ||
| 020 | _a1404270248 | ||
| 035 | _aUPN01000202378 | ||
| 049 | _aI | ||
| 050 | 4 |
_aPZ74.9 _bB4.4 |
|
| 100 | 1 |
_aBetances, Brendan _936910 |
|
| 245 | 1 | 3 |
_aEl jardín de la abuela / _cBetances Brendan ; tr. María Cristina Brusca. |
| 260 |
_aNew York. : _bRosen Classroom Books & Materials, _c2007. |
||
| 300 |
_a12 p. : _bil. col. |
||
| 440 | 0 | _aLecturas del Barrio | |
| 650 | 7 |
_aAbuelas _vLiteratura infantil _2 _94408 |
|
| 650 | 4 |
_aLibros y lectura para niños _92290 |
|
| 905 | _aInfantil | ||
| 999 |
_c174479 _d174479 |
||